[Event "Open internationaal tornooi van Gent"]
[Site "Gent Kuipke, Belgium"]
[Date "2022.07.20"]
[Round "1.6"]
[White "Van der Stricht, Geert"]
[Black "Meissel, Jan"]
[Result "1-0"]
[WhiteElo "2401"]
[BlackElo "1786"]
[PlyCount "51"]
[EventDate "2022.??.??"]

1. d4 d5 2. c4 c6 3. e3 Nf6 4. Nc3 g6 5. Nf3 Bg7 6. Qb3 O-O 7. Bd2 Qb6 8. Qxb6
axb6 9. cxd5 cxd5 10. Ne5 Nfd7 11. Nxd7 Nxd7 12. Nxd5 e6 13. Nc7 Rb8 14. Bb4 e5
15. Rd1 exd4 16. exd4 Nf6 17. Bxf8 Bxf8 18. a3 Bf5 19. Bd3 Bxd3 20. Rxd3 Rc8
21. Nb5 Rc1+ 22. Rd1 Rc2 23. b4 Nd5 24. O-O Bh6 25. Rfe1 Kg7 26. Re5 1-0

[Event "Open internationaal tornooi van Gent"]
[Site "Gent Kuipke, Belgium"]
[Date "2022.07.20"]
[Round "1.11"]
[White "De Saegher, Victor"]
[Black "Middelhoven, Hein"]
[Result "0-1"]
[WhiteElo "1765"]
[BlackElo "2216"]
[PlyCount "84"]
[EventDate "2022.??.??"]

1. e4 e5 2. Nf3 Nc6 3. d4 exd4 4. Nxd4 Nf6 5. Nxc6 bxc6 6. e5 Qe7 7. Qe2 Nd5 8.
c4 Nb6 9. g3 Qe6 10. b3 a5 11. Bg2 a4 12. Bb2 Bb4+ 13. Nd2 O-O 14. O-O d5 15.
Nf3 a3 16. Bd4 Ba6 17. Ng5 Qg6 18. f4 h6 19. Nh3 Qf5 20. g4 Qd7 21. g5 dxc4 22.
Rad1 Qf5 23. Qe3 Nd5 24. Qg3 h5 25. Rfe1 Bxe1 26. Rxe1 cxb3 27. Be4 Qg4 28.
axb3 Rfb8 29. Bc2 Bc8 30. Nf2 Qxf4 31. Qd3 Qxg5+ 32. Kh1 g6 33. Rg1 Qh6 34. Ne4
Be6 35. Ng3 Nb4 36. Qc3 Nxc2 37. Qxc2 Bd5+ 38. Ne4 Qf4 39. Re1 Rb4 40. Kg1 Rxd4
41. Nf6+ Kg7 42. Re2 a2 0-1

[Event "Open internationaal tornooi van Gent"]
[Site "Gent Kuipke, Belgium"]
[Date "2022.07.20"]
[Round "1.13"]
[White "Van den Abeele, Xavier"]
[Black "Oorebeek, Erwin"]
[Result "0-1"]
[WhiteElo "1761"]
[BlackElo "2191"]
[Annotator "EVL"]
[PlyCount "80"]
[EventDate "2022.??.??"]

{[%evp 0,80,31,28,47,23,36,30,41,46,43,31,30,8,10,34,24,-1,-17,-26,30,-38,0,
-13,-33,-54,-51,-54,-47,-61,-47,-59,-41,-40,-58,-51,-52,-67,-55,-74,-90,-76,
-92,-103,-77,-93,-28,-67,-19,-60,-59,-213,-197,-197,-201,-197,-110,-179,-169,
-147,-170,-251,-216,-226,-232,-471,-249,-259,-263,-263,-267,-283,-282,-290,
-295,-304,-317,-276,-326,-335,-394,-450,-458]} 1. e4 e6 2. d4 d5 3. Nd2 h6 4.
Ngf3 Nf6 5. e5 Nfd7 6. Bd3 c5 7. c3 Nc6 8. Bc2 Qb6 9. Nb3 a5 10. a4 cxd4 11.
cxd4 Nb4 12. Bd3 Nxd3+ 13. Qxd3 Qa7 14. O-O b6 15. Re1 Ba6 16. Qe3 Be7 17. Bd2
Rc8 18. Bc3 Nb8 19. h4 Nc6 20. Rec1 O-O 21. h5 Bb4 22. g4 Bxc3 23. Rxc3 Ne7 24.
Rac1 Qd7 25. g5 Nf5 26. Qf4 Rxc3 27. Rxc3 Rc8 28. Qc1 Rxc3 29. Qxc3 Qxa4 30. g6
Qc4 31. gxf7+ Kxf7 32. Nfd2 Qxc3 33. bxc3 Be2 34. f3 Ke7 35. Kf2 Bb5 36. Nc1
Be8 37. Ne2 Bxh5 38. c4 Be8 39. c5 b5 40. Nb3 a4 0-1

[Event "Open internationaal tornooi van Gent"]
[Site "Gent Kuipke, Belgium"]
[Date "2022.07.20"]
[Round "1.1"]
[White "Hesselink, Rutger"]
[Black "Van den Doel, Erik"]
[Result "0-1"]
[WhiteElo "1811"]
[BlackElo "2589"]
[Annotator "EVL"]
[PlyCount "82"]
[EventDate "2022.??.??"]

{[%evp 0,82,25,20,81,78,78,49,78,39,39,41,41,32,31,36,16,32,32,35,24,31,52,31,
28,22,37,-4,-15,-15,-15,-48,-38,-47,-73,-80,-53,-53,-53,-43,-43,-53,-37,-37,
-37,-61,-52,-53,-53,-83,-73,-119,-119,-130,-130,-153,-124,-126,-126,-126,-101,
-161,-160,-175,-159,-180,-172,-185,-165,-189,-211,-217,-216,-226,-226,-356,
-374,-392,-390,-352,-402,-410,-347,-1268,-1268]} 1. e4 g6 2. d4 Bg7 3. Nf3 d6
4. Bc4 Nf6 5. Nc3 O-O 6. Be3 Nxe4 7. Nxe4 d5 8. Bd3 dxe4 9. Bxe4 c5 10. c3 Nd7
11. dxc5 Qc7 12. c6 bxc6 13. O-O Rb8 14. b3 Nf6 15. Bd3 Nd5 16. Bd2 Nxc3 17.
Qc2 Nd5 18. Rac1 Bd7 19. Rfe1 Qd6 20. Ng5 Nb4 21. Bxb4 Rxb4 22. Ne4 Qc7 23. Nc5
Bc8 24. Be4 Rd8 25. Rcd1 Rbd4 26. Bf3 Qa5 27. g3 Rxd1 28. Rxd1 Rxd1+ 29. Qxd1
Bf5 30. Na4 c5 31. Kg2 Bd4 32. Qe2 e5 33. Bd5 Kg7 34. a3 h5 35. h3 Qd8 36. Qf3
Qd7 37. Bc4 Bxh3+ 38. Kh2 Bg4 39. Qe4 Qe7 40. f3 Bf5 41. Qc6 Qg5 0-1

[Event "Open internationaal tornooi van Gent"]
[Site "Gent Kuipke, Belgium"]
[Date "2022.07.20"]
[Round "1.2"]
[White "Michiels, Bart"]
[Black "Rabbers, Daniel"]
[Result "1-0"]
[WhiteElo "2571"]
[BlackElo "1811"]
[PlyCount "49"]
[EventDate "2022.??.??"]

1. c4 c5 2. g3 Nc6 3. Bg2 g6 4. Nc3 Bg7 5. Nf3 Nf6 6. d4 cxd4 7. Nxd4 O-O 8.
O-O a6 9. Nc2 d6 10. b3 Bf5 11. e4 Bg4 12. f3 Bd7 13. Kh1 Ng4 14. Bb2 Qa5 15.
b4 Nxb4 16. fxg4 Nxc2 17. Qxc2 Bc6 18. Nd5 e5 19. Qb3 Bxd5 20. cxd5 Rac8 21.
Rac1 b5 22. Rc6 Qd2 23. Ba3 h5 24. gxh5 gxh5 25. Bb4 1-0

[Event "Open internationaal tornooi van Gent"]
[Site "Gent Kuipke, Belgium"]
[Date "2022.07.20"]
[Round "1.4"]
[White "Flom, Gabriel"]
[Black "Groenewolt, Jessica"]
[Result "1-0"]
[WhiteElo "2410"]
[BlackElo "1801"]
[PlyCount "65"]
[EventDate "2022.??.??"]

1. d4 d5 2. c4 c6 3. Nc3 Nf6 4. Nf3 e6 5. Bg5 Be7 6. e3 O-O 7. Qc2 Nbd7 8. Bd3
h6 9. Bf4 dxc4 10. Bxc4 c5 11. O-O cxd4 12. exd4 Nb6 13. Bb3 Nbd5 14. Bd2 Nb4
15. Qb1 b6 16. a3 Nbd5 17. Qd3 a5 18. Rfe1 Ba6 19. Qb1 Rc8 20. Ne5 Qd6 21. Qd1
Rfd8 22. Qf3 Bb7 23. Ne4 Qb8 24. Bxh6 a4 25. Ba2 Rc2 26. Bxg7 Kxg7 27. Qg3+ Kf8
28. Qh4 Qc7 29. Bxd5 Ng8 30. Qh7 Bd6 31. Bxb7 Qxb7 32. Nxd6 Rxd6 33. Qxc2 1-0

[Event "Open internationaal tornooi van Gent"]
[Site "Gent Kuipke, Belgium"]
[Date "2022.07.20"]
[Round "1.3"]
[White "De Fre, Walter"]
[Black "Sivuk, Vitaly"]
[Result "0-1"]
[WhiteElo "1805"]
[BlackElo "2565"]
[PlyCount "76"]
[EventDate "2022.??.??"]

1. c4 Nf6 2. Nc3 g6 3. Nf3 Bg7 4. g3 b6 5. Bg2 Bb7 6. O-O O-O 7. d4 Ne4 8. Ng5
Nxc3 9. bxc3 Bxg2 10. Kxg2 d6 11. e3 Nc6 12. Qe2 Na5 13. Bb2 Qd7 14. c5 dxc5
15. dxc5 Qd5+ 16. Nf3 Qxc5 17. Rac1 Qc4 18. Qxc4 Nxc4 19. Ba1 Rfd8 20. Rfd1 Rd6
21. Rxd6 cxd6 22. Nd4 Rc8 23. Ne2 Rc5 24. Rd1 Ra5 25. Nc1 e6 26. Kf1 f5 27. Ke2
Kf7 28. f4 d5 29. Kd3 Bf6 30. Re1 g5 31. Re2 g4 32. Nb3 Ra4 33. Nd4 h5 34. Rf2
Nd6 35. Rc2 h4 36. Nc6 hxg3 37. hxg3 Ne4 38. Rg2 Nc5+ 0-1

[Event "Open internationaal tornooi van Gent"]
[Site "Gent Kuipke, Belgium"]
[Date "2022.07.20"]
[Round "1.10"]
[White "Rechner, Klaus"]
[Black "Jorritsma, Stefan"]
[Result "1-0"]
[WhiteElo "2255"]
[BlackElo "1767"]
[PlyCount "85"]
[EventDate "2022.??.??"]

1. Nf3 Nf6 2. c4 g6 3. d4 Bg7 4. g3 O-O 5. Bg2 d6 6. O-O Nc6 7. Nc3 e5 8. d5
Nb8 9. c5 Na6 10. cxd6 cxd6 11. a4 Nd7 12. e4 Ndc5 13. Rb1 Qb6 14. Nd2 Qb4 15.
Qe2 Nxa4 16. Nxa4 Qxa4 17. Nc4 Qd7 18. Ra1 Qc7 19. Be3 Bd7 20. Na5 Bf6 21. Rfc1
Qb8 22. Nxb7 Nb4 23. Na5 Bd8 24. Nc6 Bxc6 25. dxc6 Bb6 26. Bxb6 Qxb6 27. Qc4
Kg7 28. Ra3 a5 29. c7 Na6 30. Bh3 Nc5 31. c8=Q Raxc8 32. Bxc8 Rxc8 33. Rc2 Rb8
34. Rf3 Rb7 35. Qd5 Ne6 36. Rc6 Qxb2 37. Rxd6 Qb1+ 38. Kg2 Rb5 39. Rxf7+ Kxf7
40. Qxe6+ Kg7 41. Qf6+ Kh6 42. Qh4+ Kg7 43. Rd7+ 1-0

[Event "Open internationaal tornooi van Gent"]
[Site "Gent Kuipke, Belgium"]
[Date "2022.07.20"]
[Round "1.8"]
[White "Dauw, Sterre"]
[Black "De Volder, Pieter"]
[Result "1-0"]
[WhiteElo "2287"]
[BlackElo "1786"]
[PlyCount "73"]
[EventDate "2022.??.??"]

1. e4 d5 2. exd5 Nf6 3. Bb5+ Bd7 4. Bc4 c6 5. Nc3 Bg4 6. f3 Bf5 7. dxc6 Nxc6 8.
Nge2 e6 9. d4 Bb4 10. O-O O-O 11. Be3 Rc8 12. Bd3 Bxd3 13. Qxd3 Ba5 14. a3 Re8
15. Rfd1 a6 16. Ne4 Nxe4 17. fxe4 Ne7 18. b4 Bc7 19. c4 Ng6 20. Rac1 Qh4 21. g3
Qg4 22. e5 Rcd8 23. Qc2 h5 24. Nf4 Nh4 25. Qe2 Qxe2 26. Nxe2 Nf5 27. Bf2 g6 28.
Kg2 Kg7 29. h3 f6 30. exf6+ Kxf6 31. g4 hxg4 32. hxg4 Ne7 33. Nc3 g5 34. Ne4+
Kg6 35. Nc5 Bf4 36. Rb1 e5 37. Nxb7 1-0

[Event "Open internationaal tornooi van Gent"]
[Site "Gent Kuipke, Belgium"]
[Date "2022.07.20"]
[Round "1.7"]
[White "Van Hoecke, Elena"]
[Black "Helmut, Froeyman"]
[Result "0-1"]
[WhiteElo "1791"]
[BlackElo "2289"]
[PlyCount "54"]
[EventDate "2022.??.??"]

1. d4 f5 2. Bf4 Nf6 3. e3 d6 4. Bd3 Nc6 5. Nf3 g6 6. h3 Bg7 7. c3 O-O 8. Nbd2
Kh8 9. Qc2 Qe8 10. Bh2 e5 11. dxe5 dxe5 12. Bb5 Nd7 13. Bxc6 bxc6 14. O-O Ba6
15. Rfe1 Nc5 16. c4 e4 17. Nd4 Nd3 18. Reb1 c5 19. N4b3 Qd7 20. a3 Rfd8 21. Ra2
Rab8 22. f3 exf3 23. Nxf3 Qe7 24. Kh1 Bb7 25. Nbd2 Nf2+ 26. Kg1 Nxh3+ 27. gxh3
Qxe3+ 0-1

[Event "Open internationaal tornooi van Gent"]
[Site "Gent Kuipke, Belgium"]
[Date "2022.07.20"]
[Round "1.9"]
[White "Peeters, Alex"]
[Black "Lammens, Tim"]
[Result "0-1"]
[WhiteElo "1769"]
[BlackElo "2255"]
[PlyCount "62"]
[EventDate "2022.??.??"]

1. d4 d5 2. c4 e6 3. Nc3 Nf6 4. Bg5 Be7 5. Nf3 Nbd7 6. e3 h6 7. Bh4 O-O 8. Qc2
a6 9. cxd5 exd5 10. Bd3 c5 11. O-O c4 12. Bf5 b5 13. e4 dxe4 14. Nxe4 Bb7 15.
Rfe1 Nxe4 16. Bxe7 Qxe7 17. Bxe4 Bxe4 18. Rxe4 Qd6 19. Rae1 Nf6 20. Re5 Rac8
21. Nh4 Rcd8 22. Nf5 Qc7 23. Qe2 Kh7 24. Qf3 Qb6 25. Qh3 Rfe8 26. g4 Rxe5 27.
dxe5 Rd2 28. Qg3 Nxg4 29. e6 fxe6 30. Nxg7 Qxf2+ 31. Qxf2 Nxf2 0-1

[Event "Open internationaal tornooi van Gent"]
[Site "Gent Kuipke, Belgium"]
[Date "????.??.??"]
[Round "2.5"]
[White "Maerevoet, Sim"]
[Black "Wubben, Marcel"]
[Result "1-0"]
[WhiteElo "2409"]
[BlackElo "2012"]
[Annotator "EVL"]
[PlyCount "107"]

{[%evp 0,107,16,28,47,27,37,23,23,30,17,34,34,3,13,20,52,12,38,40,43,-18,13,
-17,3,-10,-3,5,35,16,30,37,37,49,66,40,41,41,56,42,44,39,31,69,52,55,55,55,89,
26,81,60,80,56,44,61,50,6,3,3,-34,-34,32,10,10,-9,16,16,44,-62,0,0,0,89,172,
164,179,186,186,190,206,196,199,202,216,197,210,206,203,204,216,196,197,211,
241,245,248,244,247,241,241,235,249,248,292,249,322,248,307,331]} 1. e4 e6 2.
d4 d5 3. Nc3 Bb4 4. exd5 exd5 5. Bd3 Nc6 6. a3 Bxc3+ 7. bxc3 Be6 8. Qf3 Qh4 9.
Ne2 O-O-O 10. Nf4 Nf6 11. Qg3 Qxg3 12. hxg3 h6 13. f3 g5 14. Ne2 Ne7 15. g4
Rdf8 16. Ng3 Ne8 17. a4 Nd6 18. Ba3 f5 19. gxf5 Nexf5 20. Kf2 Kd7 21. Rae1 Nxg3
22. Kxg3 Rf6 23. Re5 Rhf8 24. a5 R8f7 25. Rhe1 Rg7 26. a6 bxa6 27. Bc5 h5 28.
Rh1 h4+ 29. Kf2 h3 30. gxh3 g4 31. hxg4 Bxg4 32. Rg1 Rxf3+ 33. Ke1 c6 34. Bxd6
Kxd6 35. Be2 Rf4 36. Re3 Bxe2 37. Rxg7 Bb5 38. Reg3 Rf6 39. Rxa7 Rf1+ 40. Kd2
Ke6 41. Rg6+ Rf6 42. Rgg7 Kf5 43. Rae7 Kf4 44. Rgf7 Kf5 45. Rg7 a5 46. Kc1 a4
47. Kb2 Re6 48. Rgf7+ Rf6 49. Re5+ Kg6 50. Rxf6+ Kxf6 51. Ka3 Kf7 52. Kb4 Kf6
53. Re1 Kf5 54. c4 1-0

[Event "Open internationaal tornooi van Gent"]
[Site "Gent Kuipke, Belgium"]
[Date "????.??.??"]
[Round "2.3"]
[White "Sivuk, Vitaly"]
[Black "Leemans, Huub"]
[Result "1-0"]
[WhiteElo "2565"]
[BlackElo "2021"]
[PlyCount "39"]

1. d4 d5 2. c4 c6 3. Nf3 Nf6 4. Nc3 e6 5. Bg5 h6 6. Bh4 Nbd7 7. e3 Be7 8. Bd3
O-O 9. O-O b6 10. cxd5 Nxd5 11. Bg3 Bb7 12. Nxd5 exd5 13. Rc1 c5 14. dxc5 bxc5
15. Qa4 Nf6 16. Rfd1 Qb6 17. Be5 Bd6 18. Bxf6 gxf6 19. Qg4+ Kh8 20. Qf5 1-0

[Event "Open internationaal tornooi van Gent"]
[Site "Gent Kuipke, Belgium"]
[Date "????.??.??"]
[Round "2.12"]
[White "Oorebeek, Erwin"]
[Black "Versporten, Wim"]
[Result "1/2-1/2"]
[WhiteElo "2191"]
[BlackElo "1965"]
[Annotator "EVL"]
[PlyCount "131"]

{[%evp 0,131,30,32,59,71,75,56,64,32,31,13,13,19,81,69,78,43,43,11,15,-3,22,
-15,24,-3,71,19,37,-4,25,23,-5,4,27,21,4,17,15,-10,15,-12,22,4,60,-1,40,26,111,
118,102,54,48,44,66,70,55,49,37,48,39,35,57,37,32,36,70,46,70,60,60,15,15,13,
17,2,0,0,0,0,0,0,0,-68,0,-85,-108,-141,58,0,61,32,26,0,0,0,0,0,0,0,0,0,0,0,0,0,
0,0,0,0,0,0,0,0,0,0,0,0,0,0,0,0,0,0,0,0,0,0,0,0,0,0,0,0]} 1. Nf3 f5 2. d4 Nf6
3. Bg5 g6 4. Bxf6 exf6 5. e3 d5 6. c4 c6 7. Nc3 Be6 8. Qb3 Qb6 9. c5 Qc7 10. g3
Be7 11. h4 O-O 12. Qd1 a5 13. a3 Nd7 14. Bd3 b6 15. b4 axb4 16. axb4 Rxa1 17.
Qxa1 Qb7 18. O-O Ra8 19. Qb1 Nf8 20. Ne2 Qc7 21. Rc1 Bc8 22. Kg2 Bd7 23. Nf4
Qa7 24. b5 Rb8 25. cxb6 Rxb6 26. Qa1 Qxa1 27. Rxa1 Bd6 28. bxc6 Bxc6 29. Ra5
Bxf4 30. gxf4 Kf7 31. Be2 Ke6 32. Ne1 h6 33. Nd3 g5 34. fxg5 fxg5 35. h5 Nd7
36. Ra7 Kd6 37. f4 g4 38. Ne5 Rb2 39. Kf1 Rb1+ 40. Kf2 Rb2 41. Ke1 Rb1+ 42. Bd1
g3 43. Ra2 Nf6 44. Nxc6 Ne4 45. Ne5 Rxd1+ 46. Kxd1 Nc3+ 47. Ke1 Nxa2 48. Ke2
Nb4 49. Kf3 Nc2 50. Nf7+ Ke6 51. Nxh6 g2 52. Kxg2 Nxe3+ 53. Kg3 Nc2 54. Kh4 Kf6
55. Ng8+ Kf7 56. Kg5 Kxg8 57. Kxf5 Nxd4+ 58. Ke5 Ne6 59. Kxe6 d4 60. Ke7 d3 61.
f5 d2 62. f6 d1=Q 63. f7+ Kh7 64. f8=Q Qxh5 65. Qf7+ Qxf7+ 66. Kxf7 1/2-1/2

[Event "Open internationaal tornooi van Gent"]
[Site "Gent Kuipke, Belgium"]
[Date "????.??.??"]
[Round "2.6"]
[White "Hol, Camile"]
[Black "Van der Stricht, Geert"]
[Result "0-1"]
[WhiteElo "1996"]
[BlackElo "2401"]
[Annotator "EVL"]
[PlyCount "136"]

{[%evp 0,136,30,13,56,51,46,40,60,59,47,30,30,14,13,-3,-30,-19,-29,-34,-29,-60,
-17,-18,-12,-29,12,32,24,-37,-42,-35,-27,-29,-6,-17,-14,-66,-22,-50,-23,-50,
-22,-23,-23,-49,-15,-15,16,-24,-7,-47,-1,-15,3,-10,-15,-21,11,-1,0,0,0,-10,-16,
-9,0,0,0,0,0,0,0,-36,-20,-23,-10,-9,0,0,0,-10,-14,-19,-4,-12,-15,-22,0,0,-4,
-54,-17,-52,-9,-8,30,-14,-21,-76,-87,-86,-62,-65,-71,-69,2,-53,-45,-65,-64,-56,
-44,-63,-44,-112,-108,-156,-161,-228,-214,-214,-241,-235,-255,-853,-1032,-1031,
-1050,-1051,-1090,-1169,-1210,-1210,-1236,-29997,-29996,-29997,-29998]} 1. e4
c5 2. Nc3 Nc6 3. f4 g6 4. Nf3 Bg7 5. Bc4 e6 6. O-O Nge7 7. d3 d5 8. Bb3 O-O 9.
e5 Bd7 10. Ne2 b5 11. c3 c4 12. Bc2 cxd3 13. Qxd3 b4 14. c4 dxc4 15. Qxc4 Qb6+
16. Kh1 Rfd8 17. Qe4 Nd5 18. Ned4 Rac8 19. Bb3 Be8 20. Bxd5 Rxd5 21. Be3 Nxd4
22. Nxd4 Rc4 23. Rfd1 Qd8 24. Rd2 Bf8 25. Rad1 Qc8 26. Qf3 Rc1 27. h3 Rxd1+ 28.
Qxd1 Qa6 29. b3 Qb7 30. Nf3 Rxd2 31. Nxd2 Bc6 32. Qe2 Bd5 33. Nc4 Qc7 34. Qf2
a6 35. Qe2 Qc6 36. Nb2 Be4 37. Nc4 Qd5 38. Qd2 Bd3 39. Nb6 Qb5 40. Qc1 Be4 41.
Qd2 Qf1+ 42. Kh2 Be7 43. Nd7 Kg7 44. Nf6 Bc6 45. Bd4 Qb1 46. Ng4 Qe4 47. Nf6
Qf5 48. Ng4 h5 49. Nf2 g5 50. Be3 gxf4 51. Bxf4 Bd5 52. Nd3 Qe4 53. Bh6+ Kh7
54. Be3 Bc6 55. Bf4 Bf8 56. Bg3 Bh6 57. Qc2 Kg8 58. Nxb4 h4 59. Bxh4 Qxb4 60.
Qxc6 Qxh4 61. g3 Qd4 62. Qxa6 Qf2+ 63. Kh1 Qf3+ 64. Kh2 Be3 65. Qc8+ Kg7 66.
Qc2 Bf2 67. Qc1 Bxg3+ 68. Kg1 Qf2+ 0-1

[Event "Open internationaal tornooi van Gent"]
[Site "Gent Kuipke, Belgium"]
[Date "????.??.??"]
[Round "2.1"]
[White "Van den Doel, Erik"]
[Black "Moerman, Thomas"]
[Result "1-0"]
[WhiteElo "2589"]
[BlackElo "2026"]
[PlyCount "89"]

1. Nf3 Nf6 2. g3 e6 3. Bg2 d5 4. O-O Be7 5. b3 c5 6. Bb2 O-O 7. c4 d4 8. e3 Nc6
9. exd4 cxd4 10. Re1 d3 11. a3 a5 12. Nc3 Bc5 13. Na4 Ba7 14. c5 Nd7 15. Rc1
Qe7 16. Nd4 Nxd4 17. Bxd4 Rd8 18. Rc4 Nb8 19. Be4 Nc6 20. Bc3 f6 21. b4 axb4
22. axb4 e5 23. b5 Be6 24. Bxh7+ Kxh7 25. Rh4+ Kg8 26. bxc6 bxc6 27. Qh5 Rab8
28. Ba5 Rd5 29. Bb6 Kf8 30. Nc3 Rd7 31. Bxa7 Rxa7 32. Qf3 Qxc5 33. Rh8+ Bg8 34.
Qxd3 Qd4 35. Qh7 Kf7 36. Qh5+ Kf8 37. Qh7 Kf7 38. Qc2 Rab7 39. Ne4 Qd5 40. Nc3
Qd4 41. Qa2+ Kg6 42. Rxg8 Rxg8 43. Qxg8 Qxd2 44. Qe8+ Rf7 45. Re3 1-0

[Event "Open internationaal tornooi van Gent"]
[Site "Gent Kuipke, Belgium"]
[Date "????.??.??"]
[Round "2.2"]
[White "Tolhuizen, Ludo"]
[Black "Michiels, Bart"]
[Result "0-1"]
[WhiteElo "2020"]
[BlackElo "2571"]
[PlyCount "34"]

1. d4 d6 2. e4 Nf6 3. Nc3 e5 4. Nge2 Be7 5. f3 c6 6. Be3 O-O 7. Qd2 b5 8. a3
Nbd7 9. g4 Bb7 10. Ng3 a5 11. Bd3 exd4 12. Bxd4 b4 13. Nce2 c5 14. Bxf6 Bxf6
15. c3 Qb6 16. Nh5 Bh4+ 17. Kf1 c4 0-1

[Event "Open internationaal tornooi van Gent"]
[Site "Gent Kuipke, Belgium"]
[Date "????.??.??"]
[Round "2.7"]
[White "Helmut, Froeyman"]
[Black "Verbeeren, Peter"]
[Result "1/2-1/2"]
[WhiteElo "2289"]
[BlackElo "1996"]
[PlyCount "40"]

1. e4 d5 2. exd5 Qxd5 3. Nc3 Qd8 4. d4 Nf6 5. Nf3 g6 6. Bc4 Bg7 7. O-O O-O 8.
h3 Nbd7 9. Qe2 Nb6 10. Bb3 a5 11. a4 c6 12. Re1 Re8 13. Bf4 Nbd5 14. Nxd5 cxd5
15. Ne5 e6 16. Qf3 Nd7 17. Rad1 Nxe5 18. Bxe5 Bd7 19. Bxg7 Kxg7 20. Qf4 b5
1/2-1/2

[Event "Open internationaal tornooi van Gent"]
[Site "Gent Kuipke, Belgium"]
[Date "????.??.??"]
[Round "2.4"]
[White "Feelders, Ad"]
[Black "Flom, Gabriel"]
[Result "0-1"]
[WhiteElo "2016"]
[BlackElo "2410"]
[Annotator "EVL"]
[PlyCount "70"]

{[%evp 0,70,23,21,34,30,30,36,23,12,18,-29,-34,-34,31,31,13,19,22,11,49,-4,10,
1,1,-2,-7,-3,-3,-6,3,2,18,8,16,20,30,19,14,-43,-24,13,-48,-48,28,8,34,-27,1,34,
15,40,45,-14,19,-8,-37,-69,-54,-69,-69,-201,-31,-69,-388,-381,-233,-777,-130,
-935,-1372,-2167,-2167]} 1. e4 e6 2. d4 d5 3. e5 c5 4. Nf3 Nc6 5. Bd3 cxd4 6.
O-O f5 7. Nbd2 Bc5 8. Nb3 Bb6 9. Bb5 Bd7 10. Nbxd4 Bxd4 11. Nxd4 Nxd4 12. Bxd7+
Qxd7 13. Qxd4 Ne7 14. b3 O-O 15. Ba3 Nc6 16. Qf4 Rfd8 17. Bd6 Ne7 18. Rad1 Rac8
19. c4 Ng6 20. Qd4 dxc4 21. bxc4 Qa4 22. c5 Qc6 23. Rd3 b6 24. cxb6 axb6 25.
Rb3 Qa8 26. a4 Rc6 27. f4 Rc2 28. Rf2 Rdc8 29. Rb2 R2c4 30. Qe3 Rxa4 31. Rxb6
Ra1+ 32. Rf1 Nh4 33. Qd2 Rac1 34. Rb2 Qa7+ 35. Qf2 Rxf1+ 0-1

[Event "Open internationaal tornooi van Gent"]
[Site "Gent Kuipke, Belgium"]
[Date "????.??.??"]
[Round "2.11"]
[White "Middelhoven, Hein"]
[Black "De Block, Fabio"]
[Result "1/2-1/2"]
[WhiteElo "2216"]
[BlackElo "1977"]
[Annotator "EVL"]
[PlyCount "79"]

{[%evp 0,79,23,21,75,65,71,74,58,53,43,41,86,19,85,57,100,37,187,187,187,187,
166,212,212,73,77,74,70,78,51,40,20,-12,-19,-27,-27,-39,-5,0,0,0,0,0,0,0,0,31,
17,17,147,144,184,145,146,59,77,79,79,69,75,75,75,76,76,72,81,82,85,63,61,0,15,
20,9,10,10,-63,-34,-43,-40,-44]} 1. e4 c6 2. d4 d5 3. e5 Bf5 4. Nf3 e6 5. Be2
c5 6. Be3 Qb6 7. Nc3 Qxb2 8. Qb1 Qxc2 9. Qb5+ Nd7 10. Rc1 a6 11. Qxb7 Rb8 12.
Qxb8+ Nxb8 13. Rxc2 Bxc2 14. dxc5 Ne7 15. Kd2 Bg6 16. Nh4 Nec6 17. Nxg6 hxg6
18. Na4 Rh4 19. f4 d4 20. Bf2 Rxf4 21. Bg3 Rf5 22. Rb1 Nd7 23. Bxa6 Ndxe5 24.
Rb6 Be7 25. Bb5 Bg5+ 26. Kc2 d3+ 27. Kc3 d2 28. Nb2 Ke7 29. Bxc6 Nxc6 30. Rxc6
Bf6+ 31. Kxd2 Bxb2 32. Rc7+ Kf6 33. Kd3 Rf1 34. Rb7 Be5 35. c6 Bxg3 36. hxg3
Rc1 37. c7 Ke5 38. c8=Q Rxc8 39. Rxf7 Ra8 40. Rf2 1/2-1/2

[Event "Open internationaal tornooi van Gent"]
[Site "Gent Kuipke, Belgium"]
[Date "????.??.??"]
[Round "2.8"]
[White "De Ruiter, Thomas"]
[Black "Dauw, Sterre"]
[Result "0-1"]
[WhiteElo "1994"]
[BlackElo "2287"]
[Annotator "EVL"]
[PlyCount "66"]

{[%evp 0,66,23,21,56,46,46,12,28,27,12,30,58,33,86,69,44,49,86,45,27,39,27,17,
16,-6,12,-12,-6,-87,-92,-138,-107,-96,-96,-254,-248,-200,-246,-246,-124,-619,
-57,-133,-96,-96,-84,-93,-88,-89,-97,-111,-86,-94,-81,-81,-90,-91,-69,-81,-79,
-101,-273,-329,-300,-329,-329,-329,-334]} 1. e4 c5 2. Nf3 Nc6 3. d4 cxd4 4.
Nxd4 Nf6 5. Nc3 d6 6. Bc4 e6 7. Be3 Be7 8. f3 a6 9. a4 O-O 10. O-O Bd7 11. Nb3
Rc8 12. Nd2 Qc7 13. Bb3 Nb4 14. Nc4 d5 15. exd5 exd5 16. Na3 Bd6 17. Nxd5 Bxh2+
18. Kh1 Nbxd5 19. Bxd5 Qe5 20. Bd4 Qxd5 21. Kxh2 Qd6+ 22. Kg1 Bxa4 23. b3 Rfd8
24. Bf2 Qc7 25. Qe1 Re8 26. Qb4 Bc6 27. Rfe1 Nd5 28. Qg4 Bd7 29. Qd4 Nc3 30.
Qb6 Ne2+ 31. Kf1 Qh2 32. Rxe2 Rxe2 33. Kxe2 Qe5+ 0-1

[Event "Open internationaal tornooi van Gent"]
[Site "Gent Kuipke, Belgium"]
[Date "????.??.??"]
[Round "2.13"]
[White "De Vos, Clemens"]
[Black "Balje, Jan"]
[Result "1/2-1/2"]
[WhiteElo "1969"]
[BlackElo "2190"]
[PlyCount "37"]

1. d4 Nf6 2. Nf3 d5 3. c4 c6 4. Nc3 e6 5. Bg5 h6 6. Bxf6 Qxf6 7. e3 Nd7 8. Be2
Bd6 9. O-O O-O 10. e4 dxe4 11. Nxe4 Qe7 12. Nxd6 Qxd6 13. Qc2 e5 14. Rad1 exd4
15. Rxd4 Qf6 16. Rfd1 Ne5 17. Rd6 Nxf3+ 18. Bxf3 Be6 19. Qd2 1/2-1/2

[Event "Open internationaal tornooi van Gent"]
[Site "Gent Kuipke, Belgium"]
[Date "2022.07.21"]
[Round "3.7"]
[White "Dauw, Sterre"]
[Black "Krygelmans, Johan"]
[Result "0-1"]
[WhiteElo "2287"]
[BlackElo "2072"]
[Annotator "EVL"]
[PlyCount "102"]
[EventDate "2022.??.??"]

{[%evp 0,102,23,21,46,46,48,18,20,24,20,20,20,7,82,86,54,52,54,49,36,27,51,31,
47,12,-3,0,17,7,23,16,-5,0,15,27,-8,-8,2,-1,-5,-1,-1,18,27,38,38,38,45,52,43,
45,90,72,87,82,82,82,76,77,69,78,85,66,122,114,112,-162,-148,-165,-166,-174,
-157,-161,-159,-174,-174,-211,-221,-238,-290,-291,-200,-279,-134,-193,-207,
-274,-289,-344,-261,-320,-329,-335,-259,-254,-297,-301,-287,-292,-335,-361,
-353,-381,-992]} 1. e4 c5 2. Nf3 e6 3. c3 d5 4. exd5 Qxd5 5. Na3 Nf6 6. d4 Nc6
7. Nb5 Qd8 8. dxc5 Bxc5 9. Qxd8+ Kxd8 10. Bg5 Ke7 11. Rd1 a6 12. Nbd4 Nxd4 13.
Nxd4 h6 14. Be3 Bd6 15. Be2 Nd5 16. Nf5+ exf5 17. Rxd5 Be6 18. Rd2 Bxa2 19. Bf3
Bc4 20. Bxb7 Rab8 21. Bf3 Rb3 22. Bd1 Rb5 23. Be2 Rc8 24. O-O f4 25. Bd4 Be5
26. Bxc4 Rxc4 27. b3 Rc6 28. c4 Ra5 29. b4 Rxc4 30. bxa5 Bxd4 31. h3 Ra4 32.
Re1+ Kf6 33. Re4 Bxf2+ 34. Kxf2 Rxe4 35. Kf3 Re5 36. Rd6+ Re6 37. Rb6 g5 38. h4
Kf5 39. Rb7 g4+ 40. Kf2 Kg6 41. Rb4 Re5 42. Rb6+ Re6 43. Rb4 Kf5 44. Rb6 h5 45.
Rb7 g3+ 46. Kf1 f6 47. Rb6 Ke5 48. Rb8 Kd4 49. Rb6 Kd5 50. Rb4 Ke5 51. Rb6 Rxb6
0-1